[Event "BL 8586 Bochum-Solingen"]
[Site "?"]
[Date "1986.??.??"]
[Round "?.6"]
[White "Sonntag, H."]
[Black "Dueball, J."]
[Result "1/2-1/2"]
[WhiteElo "2305"]
[BlackElo "2445"]
[PlyCount "82"]
[EventDate "1986.??.??"]

1. d4 Nf6 2. c4 e6 3. Nc3 Bb4 4. e3 c5 5. Bd3 Nc6 6. Nf3 Bxc3+ 7. bxc3 d6 8.
Qe2 e5 9. d5 Ne7 10. O-O O-O 11. Nd2 Bd7 12. a4 Kh8 13. f4 exf4 14. exf4 g6 15.
Nf3 Bf5 16. Nh4 Bxd3 17. Qxd3 Nd7 18. Qh3 f5 19. Nf3 Rf6 20. Bd2 Kg7 21. Be1 h6
22. Bh4 Rf7 23. Rfe1 Nf8 24. a5 Qd7 25. Qg3 Re8 26. Qf2 Ng8 27. Qb2 Re4 28. Bg3
Nf6 29. Nd2 Rxe1+ 30. Rxe1 Re7 31. Qb1 Rxe1+ 32. Bxe1 Qe7 33. Bf2 N8h7 34. Qd3
Ng4 35. h3 Nxf2 36. Kxf2 Nf6 37. Qb1 Kf7 38. Kf3 Qd7 39. Qe1 Qc8 40. Qb1 Qd7
41. Qe1 Qe8 1/2-1/2

[Event "BL 8586 Bochum-Solingen"]
[Site "?"]
[Date "1986.??.??"]
[Round "?.7"]
[White "Ostermeyer, P."]
[Black "Ackermann, H."]
[Result "1-0"]
[WhiteElo "2485"]
[BlackElo "2255"]
[PlyCount "68"]
[EventDate "1986.??.??"]

1. d4 Nf6 2. c4 g6 3. Nc3 Bg7 4. e4 O-O 5. f3 d6 6. Be3 Nc6 7. Nge2 e5 8. d5
Ne7 9. Qd2 Ne8 10. g4 f5 11. g5 c5 12. h4 b6 13. Ng1 Nc7 14. a3 a5 15. O-O-O
Qe8 16. Bd3 Bd7 17. Nge2 f4 18. Bf2 Nc8 19. Rh2 h5 20. gxh6 Bxh6 21. Ng1 Kg7
22. Nh3 Rh8 23. Rg1 Bxh3 24. Rxh3 Kf6 25. Be1 Rg8 26. Rh2 Ne7 27. Nd1 b5 28.
Nf2 Kf7 29. Ng4 Bg7 30. h5 gxh5 31. Rxh5 Rh8 32. Rg5 Qf8 33. cxb5 Ne8 34. Bc4
Bf6 1-0

[Event "BL 8586 Bochum-Solingen"]
[Site "?"]
[Date "1986.??.??"]
[Round "?.8"]
[White "Ueter, H."]
[Black "Borngaesser, R."]
[Result "1/2-1/2"]
[WhiteElo "2270"]
[BlackElo "2365"]
[PlyCount "83"]
[EventDate "1986.??.??"]

1. e4 g6 2. d4 Bg7 3. Nc3 c6 4. Nf3 d5 5. h3 dxe4 6. Nxe4 Nd7 7. Bd3 Ngf6 8.
Nxf6+ Nxf6 9. O-O O-O 10. Re1 Re8 11. c3 b6 12. Ne5 Bb7 13. Qf3 Qc7 14. Bc4 e6
15. Bf4 c5 16. Qe2 Nd5 17. Bg3 cxd4 18. cxd4 Qe7 19. Rac1 Rec8 20. Ba6 Nb4 21.
Bxb7 Qxb7 22. a3 Nd5 23. Qf3 Bxe5 24. Bxe5 Rxc1 25. Rxc1 Rc8 26. Qd1 Rc6 27.
Qd2 f6 28. Bf4 Qc8 29. Rxc6 Qxc6 30. Qc1 Qxc1+ 31. Bxc1 b5 32. Kf1 Kf7 33. Ke2
Ke7 34. Kd3 Kd6 35. Bd2 f5 36. Bg5 Nb6 37. b3 Kd5 38. Be7 Nd7 39. f3 Nb8 40.
Kc3 Nc6 41. Bf6 a6 42. Kd3 1/2-1/2

[Event "BL 8586 Bochum-Heidelberg"]
[Site "?"]
[Date "1986.??.??"]
[Round "?.1"]
[White "Neunhoeffer, H."]
[Black "Heinbuch, D."]
[Result "1/2-1/2"]
[WhiteElo "2235"]
[BlackElo "2360"]
[PlyCount "70"]
[EventDate "1986.??.??"]

1. Nf3 c5 2. c3 Nf6 3. d4 e6 4. Bg5 d5 5. e3 Nc6 6. Nbd2 cxd4 7. exd4 Bd6 8.
Bd3 h6 9. Bh4 Qb6 10. Qb3 Nh5 11. Qxb6 axb6 12. Bg3 Nxg3 13. hxg3 Bd7 14. a3 f6
15. O-O Kf7 16. Bb5 Bc8 17. c4 g5 18. cxd5 exd5 19. Rac1 Ne7 20. Nb1 h5 21. Nc3
h4 22. gxh4 g4 23. Nd2 Rxh4 24. g3 Rh3 25. Rfe1 Rh5 26. Kg2 Be6 27. Rh1 Rh3 28.
Rxh3 gxh3+ 29. Kh2 Nf5 30. Ne2 Nh6 31. f3 Nf5 32. Nb1 Rg8 33. Rg1 Ne3 34. Nbc3
Nf5 35. Bd3 Nh4 1/2-1/2

[Event "BL 8586 Bochum-Heidelberg"]
[Site "?"]
[Date "1986.??.??"]
[Round "?.2"]
[White "Sehner, N."]
[Black "Steinbacher, M."]
[Result "0-1"]
[WhiteElo "2320"]
[BlackElo "2290"]
[PlyCount "86"]
[EventDate "1986.??.??"]

1. c4 e6 2. g3 Nf6 3. Bg2 d5 4. Nf3 Be7 5. O-O O-O 6. d4 b6 7. cxd5 exd5 8. Nc3
Bb7 9. Bf4 Na6 10. Rc1 c5 11. Nh4 Qd7 12. Qd3 cxd4 13. Qxd4 Nc5 14. Rfd1 Rfd8
15. Be5 Rac8 16. Qd2 Qe6 17. Nf3 Nce4 18. Qf4 Ng4 19. Nxe4 Rxc1 20. Rxc1 dxe4
21. Bh3 exf3 22. Bxg4 fxe2 23. Bxe2 Qd5 24. f3 Bc5+ 25. Kg2 Re8 26. Bc4 Qxe5
27. Bxf7+ Kf8 28. Bxe8+ Qxf4 29. gxf4 Kxe8 30. b4 Bd6 31. Rc4 Ke7 32. a3 Ke6
33. Rd4 g6 34. h4 h5 35. Kg3 b5 36. Rd1 Bd5 37. Rd3 a6 38. Rd1 Bc7 39. Rc1 Bc4
40. Re1+ Kf5 41. Re4 Bd5 42. Rd4 Bc6 43. Kf2 Bb6 0-1

[Event "BL 8586 Bochum-Heidelberg"]
[Site "?"]
[Date "1986.??.??"]
[Round "?.3"]
[White "Mack, P."]
[Black "Budde, V."]
[Result "0-1"]
[WhiteElo "2280"]
[BlackElo "2345"]
[PlyCount "100"]
[EventDate "1986.??.??"]

1. c4 e5 2. Nc3 Bb4 3. g3 Nf6 4. Bg2 O-O 5. Qb3 Qe7 6. a3 Bxc3 7. Qxc3 a5 8. b3
d6 9. Bb2 Nc6 10. Nf3 Ne4 11. Qc2 Nc5 12. d4 exd4 13. Nxd4 Nxd4 14. Bxd4 Re8
15. Ra2 Bg4 16. e3 Qg5 17. O-O Bf5 18. Qc3 Be4 19. Bxc5 Bxg2 20. Kxg2 Qxc5 21.
Rd1 Re5 22. Kg1 Rae8 23. a4 Qc6 24. Rd4 Rf5 25. Rad2 Qf3 26. Rd5 b6 27. Qc2
Rxe3 28. Qd1 Qxd1+ 29. Rxd1 Rxd5 30. cxd5 Rc3 31. Rd4 g6 32. b4 axb4 33. Rxb4
Kg7 34. Kf1 Rc5 35. Rd4 Rc2 36. Kg2 f5 37. Kf3 Kf6 38. Ke3 g5 39. h3 h5 40. f4
g4 41. hxg4 hxg4 42. Rd3 Rg2 43. Kd4 Ra2 44. Rc3 Rxa4+ 45. Kd3 Ra5 46. Rxc7
Rxd5+ 47. Ke3 Rc5 48. Rb7 Rc3+ 49. Kf2 Rf3+ 50. Kg2 Rb3 0-1

[Event "BL 8586 Bochum-Heidelberg"]
[Site "?"]
[Date "1986.??.??"]
[Round "?.8"]
[White "Ueter, H."]
[Black "Krieger, H."]
[Result "1/2-1/2"]
[WhiteElo "2270"]
[BlackElo "2210"]
[PlyCount "53"]
[EventDate "1986.??.??"]

1. e4 c5 2. Nf3 d6 3. d4 cxd4 4. Nxd4 Nf6 5. Nc3 g6 6. Be3 Bg7 7. f3 O-O 8. Bc4
Nc6 9. Qd2 Bd7 10. Bb3 Rc8 11. h4 h5 12. O-O-O Ne5 13. Bg5 Rc5 14. g4 hxg4 15.
f4 Nc4 16. Qd3 b5 17. e5 dxe5 18. Ndxb5 Qc8 19. Bxc4 Bf5 20. Qe3 Rxc4 21. Bxf6
Bxf6 22. fxe5 Bg7 23. Nd4 Qc5 24. Rhe1 Rb8 25. Rd2 Qb4 26. Nb3 e6 27. Rd7
1/2-1/2

[Event "BL 8586 Solingen-Koblenz"]
[Site "?"]
[Date "1986.??.??"]
[Round "?.1"]
[White "Gutman, L."]
[Black "Spassky, B."]
[Result "1/2-1/2"]
[WhiteElo "2485"]
[BlackElo "2590"]
[PlyCount "76"]
[EventDate "1986.??.??"]

1. d4 Nf6 2. c4 e6 3. Nc3 Bb4 4. a3 Bxc3+ 5. bxc3 c5 6. f3 Nc6 7. e4 d6 8. Ne2
b6 9. Bg5 h6 10. Be3 Qd7 11. Ng3 Ba6 12. Bd3 O-O-O 13. a4 Kb8 14. O-O Na5 15.
Qe2 Rc8 16. e5 dxe5 17. dxe5 Ne8 18. Ne4 f5 19. exf6 gxf6 20. Rfd1 Qf7 21. Rab1
Ka8 22. Bxc5 f5 23. Bxb6 axb6 24. Rxb6 Bxc4 25. Nd6 Nxd6 26. Rxd6 Qa7+ 27. Kh1
Rhe8 28. Bxc4 Nxc4 29. Rxe6 Qf7 30. Re1 Rxe6 31. Qxe6 Qxe6 32. Rxe6 Rd8 33. h4
Rd6 34. Rxd6 Nxd6 35. Kh2 f4 36. Kh3 h5 37. g4 fxg3 38. Kxg3 Nf5+ 1/2-1/2

[Event "BL 8586 Solingen-Koblenz"]
[Site "?"]
[Date "1986.??.??"]
[Round "?.2"]
[White "Lobron, E."]
[Black "Wolf, V."]
[Result "1-0"]
[WhiteElo "2525"]
[BlackElo "2315"]
[PlyCount "53"]
[EventDate "1986.??.??"]

1. d4 Nf6 2. Nf3 e6 3. c4 Bb4+ 4. Bd2 a5 5. g3 d5 6. a3 Be7 7. Bg2 Nc6 8. Qc2
O-O 9. O-O a4 10. cxd5 exd5 11. Nc3 Bd7 12. Bg5 Ra5 13. Rfd1 h6 14. Bf4 Na7 15.
Rac1 Nc8 16. Ne5 Be8 17. Nd3 Nb6 18. Nb1 c6 19. Nc5 Qc8 20. Nc3 g5 21. Bd2 Qa8
22. e4 dxe4 23. N3xe4 Ra7 24. Nxf6+ Bxf6 25. Ne4 Bg7 26. Bb4 f5 27. Bxf8 1-0

[Event "BL 8586 Solingen-Koblenz"]
[Site "?"]
[Date "1986.??.??"]
[Round "?.3"]
[White "Doncevic, D."]
[Black "Kavalek, L."]
[Result "1/2-1/2"]
[WhiteElo "2340"]
[BlackElo "2555"]
[PlyCount "100"]
[EventDate "1986.??.??"]

1. e4 e5 2. Nf3 Nc6 3. d4 exd4 4. Nxd4 Bc5 5. Nb3 Bb6 6. Nc3 d6 7. Bf4 Nf6 8.
Qd2 O-O 9. f3 Ne5 10. O-O-O Ng6 11. Bg3 Re8 12. h4 h5 13. Kb1 Bd7 14. Qg5 Nf8
15. Bc4 Be6 16. Bd3 N8h7 17. Qc1 Nd7 18. Rhe1 Qf6 19. Bb5 Qg6 20. Qf4 Nhf8 21.
Qg5 Rad8 22. Qxg6 Nxg6 23. Na4 c6 24. Nxb6 Nxb6 25. Bf1 d5 26. Nc5 Re7 27. exd5
Rxd5 28. Rxd5 Nxd5 29. Nxe6 fxe6 30. Bf2 a6 31. g3 Kf7 32. Bc5 Re8 33. c4 Nf6
34. Bd3 Ne7 35. Kc2 Nf5 36. Bxf5 exf5 37. Rxe8 Nxe8 38. Kd3 Nc7 39. Be3 Ne6 40.
Bf2 g6 41. b3 Kf6 42. Bd4+ Ke7 43. Bf2 Kd6 44. Be3 Ke5 45. Bf2 f4 46. g4 c5 47.
Be1 hxg4 48. fxg4 g5 49. h5 Nf8 50. Bc3+ Ke6 1/2-1/2

[Event "BL 8586 Solingen-Koblenz"]
[Site "?"]
[Date "1986.??.??"]
[Round "?.4"]
[White "Lau, R."]
[Black "Schulz, KJ."]
[Result "0-1"]
[WhiteElo "2460"]
[BlackElo "2370"]
[PlyCount "52"]
[EventDate "1986.??.??"]

1. e4 e6 2. d4 d5 3. Nd2 c5 4. exd5 exd5 5. Ngf3 Nc6 6. Bb5 Bd6 7. dxc5 Bxc5 8.
O-O Nge7 9. Nb3 Bd6 10. Bg5 O-O 11. Re1 Bg4 12. Be2 Qc7 13. h3 Bd7 14. c3 h6
15. Be3 Na5 16. Nxa5 Qxa5 17. Nd4 Rae8 18. Qd2 Ng6 19. Nb5 Bxb5 20. Qxd5 Bb8
21. Qxb5 Qc7 22. Bf3 Qh2+ 23. Kf1 Nf4 24. g3 Nxh3 25. Qd3 Qg1+ 26. Ke2 Qxf2+
0-1

[Event "BL 8586 Solingen-Koblenz"]
[Site "?"]
[Date "1986.??.??"]
[Round "?.5"]
[White "Andruet, G."]
[Black "Dueball, J."]
[Result "1-0"]
[WhiteElo "2395"]
[BlackElo "2445"]
[PlyCount "62"]
[EventDate "1986.??.??"]

1. d4 Nf6 2. c4 g6 3. Nc3 Bg7 4. e4 d6 5. Nf3 O-O 6. Be2 e5 7. O-O Nbd7 8. Be3
a5 9. Re1 Ng4 10. Bg5 f6 11. Bd2 f5 12. dxe5 Ndxe5 13. h3 Nxf3+ 14. Bxf3 Ne5
15. exf5 c6 16. Be2 Bxf5 17. Be3 Qh4 18. Qxd6 Nxc4 19. Qg3 Qxg3 20. Bxc4+ Kh8
21. fxg3 b5 22. g4 bxc4 23. gxf5 Rxf5 24. Rad1 Rb8 25. Bd4 Bxd4+ 26. Rxd4 Rxb2
27. Re7 Kg8 28. Rd8+ Rf8 29. Rdd7 Rff2 30. Ne4 Rxg2+ 31. Kf1 Rgf2+ 1-0

[Event "BL 8586 Solingen-Koblenz"]
[Site "?"]
[Date "1986.??.??"]
[Round "?.6"]
[White "Ostermeyer, P."]
[Black "Brueckner, T."]
[Result "1/2-1/2"]
[WhiteElo "2485"]
[BlackElo "2265"]
[PlyCount "40"]
[EventDate "1986.??.??"]

1. d4 Nf6 2. c4 g6 3. Nc3 d5 4. Nf3 Bg7 5. Bg5 Ne4 6. cxd5 Nxg5 7. Nxg5 e6 8.
Nf3 exd5 9. e3 O-O 10. b4 c6 11. Be2 Be6 12. O-O Nd7 13. Na4 Qe7 14. Nc5 Nxc5
15. bxc5 Rae8 16. Qa4 a6 17. Rab1 Bc8 18. Rfe1 f5 19. Bd3 Bf6 20. g3 g5 1/2-1/2

[Event "BL 8586 Solingen-Koblenz"]
[Site "?"]
[Date "1986.??.??"]
[Round "?.7"]
[White "Bayer, E."]
[Black "Borik, O."]
[Result "1-0"]
[WhiteElo "2285"]
[BlackElo "2365"]
[PlyCount "101"]
[EventDate "1986.??.??"]

1. d4 Nf6 2. Nf3 c5 3. d5 g6 4. g3 Bg7 5. Bg2 O-O 6. O-O d6 7. Re1 e6 8. c4
exd5 9. cxd5 Re8 10. Nfd2 Na6 11. Nc3 Nc7 12. Nc4 Ng4 13. Ne4 Nb5 14. Bf4 Ne5
15. Bxe5 Bxe5 16. a4 Nd4 17. f4 Bg7 18. Nexd6 Re7 19. e3 Nf5 20. Nxf5 Bxf5 21.
e4 Bd4+ 22. Kh1 Bd7 23. e5 Rb8 24. a5 Bb5 25. Nd6 Ba6 26. Qc2 Kg7 27. Qd2 Rc7
28. Ra4 Rd7 29. Rxd4 cxd4 30. Qxd4 Rxd6 31. exd6+ Qf6 32. Qxa7 Rd8 33. Qb6 Rxd6
34. Qb4 h5 35. Qc3 h4 36. Qxf6+ Kxf6 37. Kg1 hxg3 38. hxg3 b6 39. b4 bxa5 40.
bxa5 g5 41. Rb1 gxf4 42. gxf4 Ke7 43. Rb6 Bc4 44. Rxd6 Kxd6 45. Kf2 Kc5 46. Ke3
f6 47. Be4 Ba6 48. Bd3 Bb7 49. a6 Ba8 50. Be4 Kd6 51. a7 1-0

[Event "BL 8586 Solingen-Koblenz"]
[Site "?"]
[Date "1986.??.??"]
[Round "?.8"]
[White "Borngaesser, R."]
[Black "Seul, G."]
[Result "1-0"]
[WhiteElo "2365"]
[BlackElo "2445"]
[PlyCount "63"]
[EventDate "1986.??.??"]

1. e4 c5 2. Nc3 Nc6 3. g3 g6 4. d3 Bg7 5. h4 h5 6. Nh3 e5 7. Bg2 d6 8. O-O Nge7
9. a3 f6 10. b4 Be6 11. Rb1 Qd7 12. Kh2 O-O-O 13. Nd5 Bg4 14. f3 Be6 15. c4 Nd4
16. Be3 g5 17. hxg5 f5 18. bxc5 dxc5 19. Bxd4 cxd4 20. Nxe7+ Qxe7 21. exf5 Bxf5
22. f4 Rd7 23. Nf2 Bg4 24. Qa4 exf4 25. gxf4 Qe3 26. Ne4 h4 27. Qxa7 Kd8 28.
Rxb7 h3 29. Qb8+ Ke7 30. Qd6+ Ke8 31. Rb8+ Kf7 32. g6# 1-0

[Event "BL 8586 Heidelberg-Solingen"]
[Site "?"]
[Date "1986.??.??"]
[Round "?.2"]
[White "Steinbacher, M."]
[Black "Lobron, E."]
[Result "1-0"]
[WhiteElo "2290"]
[BlackElo "2525"]
[PlyCount "117"]
[EventDate "1986.??.??"]

1. e4 e6 2. d4 d5 3. Nc3 Bb4 4. e5 c5 5. a3 Bxc3+ 6. bxc3 Ne7 7. h4 Nbc6 8. h5
Qa5 9. Bd2 h6 10. Rb1 a6 11. Rh3 Qa4 12. Qg4 Rg8 13. Qf4 cxd4 14. Bd3 b5 15.
Rf3 Rf8 16. Qg3 dxc3 17. Bxc3 Nf5 18. Rxf5 exf5 19. e6 Bxe6 20. Qd6 Rc8 21. Nf3
Rg8 22. Kf1 Qg4 23. a4 b4 24. Rxb4 d4 25. Bxa6 Qe4 26. Bxc8 Bxc8 27. Rb1 dxc3
28. Re1 Ba6+ 29. Kg1 Be2 30. a5 g6 31. a6 gxh5 32. a7 Rxg2+ 33. Kh1 Nxa7 34.
Rxe2 Qxe2 35. Kxg2 Qb5 36. Nd4 Qb7+ 37. Kh2 Qd7 38. Qb8+ Nc8 39. Qe5+ Ne7 40.
Qh8+ Ng8 41. Qxg8+ Ke7 42. Qg7 Qd6+ 43. Kg2 Qf4 44. Nf3 Kd6 45. Qd4+ Qxd4 46.
Nxd4 Kc5 47. Nxf5 Kb4 48. Nxh6 Ka3 49. Nxf7 Kb2 50. Nd6 Kxc2 51. Nb5 Kd3 52.
Na3 Ke4 53. Kg3 Kd3 54. f3 Ke3 55. Nc2+ Kd3 56. Nb4+ Kd4 57. Kf4 h4 58. Kg4 Ke5
59. Nc2 1-0

[Event "BL 8586 Koblenz-Bochum"]
[Site "?"]
[Date "1986.??.??"]
[Round "?.1"]
[White "Heinbuch, D."]
[Black "Gutman, L."]
[Result "1-0"]
[WhiteElo "2360"]
[BlackElo "2485"]
[PlyCount "72"]
[EventDate "1986.??.??"]

1. c4 Nf6 2. Nc3 d5 3. cxd5 Nxd5 4. g3 Nxc3 5. bxc3 g6 6. Bg2 Bg7 7. Rb1 Nd7 8.
Nf3 O-O 9. O-O Rb8 10. c4 e5 11. d3 b6 12. Nd2 Re8 13. Nb3 Ba6 14. Qc2 Nf6 15.
a4 Qc8 16. c5 Qg4 17. Re1 Rbd8 18. a5 Qh5 19. axb6 axb6 20. Nd2 Bc8 21. cxb6
cxb6 22. Rxb6 Ng4 23. h3 Nxf2 24. Kxf2 e4 25. Nxe4 Bd4+ 26. Be3 Bxe3+ 27. Kxe3
f5 28. Qc4+ Kg7 29. Qc3+ Kh6 30. Bf3 Qg5+ 31. Kf2 fxe4 32. dxe4 Qe7 33. Reb1
Rf8 34. R1b5 Rxf3+ 35. exf3 Qf7 36. g4 Bf5 1-0

[Event "BL 8586 Koblenz-Bochum"]
[Site "?"]
[Date "1986.??.??"]
[Round "?.2"]
[White "Doncevic, D."]
[Black "Sehner, N."]
[Result "0-1"]
[WhiteElo "2340"]
[BlackElo "2320"]
[PlyCount "82"]
[EventDate "1986.??.??"]

1. e4 c5 2. Nf3 d6 3. c3 Nf6 4. h3 Nc6 5. Bd3 g6 6. Bc2 Bg7 7. O-O O-O 8. d4
cxd4 9. cxd4 Bd7 10. Nc3 Rc8 11. Qe2 a6 12. Rd1 e5 13. dxe5 dxe5 14. Be3 Qe7
15. Bb3 Na5 16. Nd5 Nxd5 17. Bxd5 Bb5 18. Qe1 Nc4 19. Bg5 Qe8 20. b3 Na3 21.
Rac1 Bc6 22. Qd2 Nb5 23. a4 Nd4 24. Nxd4 exd4 25. Bh6 Bxh6 26. Qxh6 Bxd5 27.
Rxc8 Qxc8 28. exd5 Qc5 29. Qg5 Re8 30. g3 h6 31. Qxh6 Qxd5 32. Qd2 d3 33. Qc3
Rd8 34. Rd2 Qe4 35. Kh2 Rd6 36. Qc8+ Kg7 37. Qc3+ Kh7 38. h4 Qf3 39. Qc4 Qf5
40. Qc3 b5 41. axb5 axb5 0-1

[Event "BL 8586 Koblenz-Bochum"]
[Site "?"]
[Date "1986.??.??"]
[Round "?.3"]
[White "Budde, V."]
[Black "Schulz, KJ."]
[Result "1-0"]
[WhiteElo "2345"]
[BlackElo "2370"]
[PlyCount "115"]
[EventDate "1986.??.??"]

1. e4 c5 2. Nf3 d6 3. d4 cxd4 4. Nxd4 Nf6 5. Nc3 a6 6. Bg5 e6 7. f4 Be7 8. Qf3
Nbd7 9. Bc4 h6 10. Bxf6 Bxf6 11. O-O-O Qb6 12. Nxe6 fxe6 13. Bxe6 Nf8 14. Bb3
Be6 15. e5 dxe5 16. Rhe1 Bxb3 17. axb3 Rd8 18. Nd5 Rxd5 19. Qxd5 Rh7 20. fxe5
Bg5+ 21. Kb1 g6 22. e6 Re7 23. h4 Bf6 24. h5 g5 25. Qf5 Bg7 26. Rd2 Rxe6 27.
Rde2 Ke7 28. Rxe6+ Nxe6 29. Qg6 Bf6 30. Qh7+ Kf8 31. Qxh6+ Kf7 32. Qh7+ Kf8 33.
Rf1 Qd4 34. c3 Qe5 35. Qxb7 Nf4 36. Qxa6 Kg7 37. h6+ Kxh6 38. g3 Nh5 39. Qd3
Kg7 40. Rh1 Nxg3 41. Qh7+ Kf8 42. Rd1 Qe4+ 43. Qxe4 Nxe4 44. b4 g4 45. b5 g3
46. b6 Nc5 47. Rd5 g2 48. Rd1 Be5 49. Rg1 Ke7 50. Rxg2 Ke6 51. Rg6+ Kd7 52. Kc2
Ne6 53. Kb3 Nf8 54. Rh6 Bg7 55. Rh5 Kc6 56. Rf5 Nd7 57. b7 Kc7 58. b8=Q+ 1-0

[Event "BL 8586 Koblenz-Bochum"]
[Site "?"]
[Date "1986.??.??"]
[Round "?.4"]
[White "Andruet, G."]
[Black "Fleck, J."]
[Result "1-0"]
[WhiteElo "2395"]
[BlackElo "2390"]
[PlyCount "65"]
[EventDate "1986.??.??"]

1. d4 Nf6 2. c4 c5 3. d5 e6 4. Nc3 exd5 5. cxd5 d6 6. Nf3 g6 7. Nd2 Nbd7 8. e4
Bg7 9. Nc4 Nb6 10. Ne3 O-O 11. Bd3 Bd7 12. O-O a6 13. a4 Rb8 14. f4 Nc8 15. a5
Na7 16. e5 Ne8 17. Nc4 Bb5 18. Be3 Qc7 19. Ne4 Bxc4 20. Bxc4 Nb5 21. Qd3 Nd4
22. b4 dxe5 23. bxc5 Nf5 24. d6 Qd7 25. Rab1 exf4 26. Bxf4 Nf6 27. Nxf6+ Bxf6
28. Kh1 Rfc8 29. Be3 Re8 30. Bg1 Bg5 31. Qd5 h5 32. Rb3 Rf8 33. Rxf5 1-0

[Event "BL 8586 Koblenz-Bochum"]
[Site "?"]
[Date "1986.??.??"]
[Round "?.6"]
[White "Schlick, V."]
[Black "Backwinkel, P."]
[Result "1-0"]
[WhiteElo "2260"]
[BlackElo "2350"]
[PlyCount "49"]
[EventDate "1986.??.??"]

1. e4 c6 2. d4 d5 3. exd5 cxd5 4. c4 Nf6 5. Nc3 g6 6. cxd5 Bg7 7. Bc4 O-O 8.
Nge2 Nbd7 9. Nf4 Nb6 10. Bb3 Bg4 11. f3 Bf5 12. O-O g5 13. Nd3 h6 14. Ne5 Nfxd5
15. Ne4 Nc7 16. Ng3 Be6 17. f4 Bxb3 18. axb3 Nb5 19. Nf5 e6 20. Nxg7 Kxg7 21.
fxg5 hxg5 22. Kh1 f6 23. Qd3 Qe8 24. Bxg5 Nd5 25. Qg3 1-0

[Event "BL 8586 Koblenz-Bochum"]
[Site "?"]
[Date "1986.??.??"]
[Round "?.7"]
[White "Ackermann, H."]
[Black "Weidemann, J."]
[Result "0-1"]
[WhiteElo "2255"]
[BlackElo "2265"]
[PlyCount "134"]
[EventDate "1986.??.??"]

1. e4 e6 2. Nf3 d5 3. Nc3 Nf6 4. e5 Ne4 5. d3 Nxc3 6. bxc3 c5 7. h4 Nc6 8. Bf4
Qa5 9. Bd2 Qc7 10. d4 Bd7 11. a4 O-O-O 12. Bb5 a6 13. Bxc6 Bxc6 14. O-O h6 15.
Re1 Be7 16. dxc5 Rdg8 17. Qe2 g5 18. h5 Bd7 19. Reb1 Bxc5 20. Nd4 f6 21. exf6
e5 22. Nb3 Bd6 23. Be1 Rf8 24. c4 Qxc4 25. Qxc4+ dxc4 26. Nd2 Rxf6 27. Nxc4 Bc7
28. Ne3 Rf4 29. Rb4 Be8 30. c4 Bxh5 31. Nd5 Rf7 32. c5 Re8 33. Nb6+ Kb8 34.
Rab1 Bg6 35. Rd1 Bf5 36. Nc4 Rd7 37. Rc1 Re6 38. Ne3 Rf7 39. Nxf5 Rxf5 40. Rcb1
Rff6 41. Rxb7+ Kc8 42. Ra7 Rc6 43. Ra8+ Kd7 44. Rd1+ Ke6 45. Bb4 e4 46. Re8+
Kf5 47. Rd5+ Kg6 48. Rxe4 Rfe6 49. Rxe6+ Rxe6 50. Rd7 Rc6 51. a5 h5 52. Kf1 h4
53. Ke2 g4 54. Kd3 h3 55. gxh3 gxh3 56. Ke4 h2 57. Rd1 Rf6 58. Bc3 Rf4+ 59. Kd5
Rg4 60. Kc6 Rg1 61. Rxg1+ hxg1=Q 62. Kxc7 Kf7 63. c6 Ke6 64. Kb7 Qb1+ 65. Kxa6
Kd6 66. Bd4 Kxc6 67. Bb6 Qh7 0-1

[Event "BL 8586 München 36-Kreuzberg"]
[Site "?"]
[Date "1986.??.??"]
[Round "?.1"]
[White "Berg, K."]
[Black "Unzicker, W."]
[Result "1/2-1/2"]
[WhiteElo "2350"]
[BlackElo "2470"]
[PlyCount "78"]
[EventDate "1986.??.??"]

1. Nf3 Nf6 2. c4 e6 3. g3 d5 4. b3 c5 5. Bg2 Nc6 6. cxd5 exd5 7. d4 Be7 8. O-O
O-O 9. Bb2 Bg4 10. Nc3 a6 11. dxc5 Bxc5 12. Na4 Ba7 13. Rc1 Re8 14. h3 Bf5 15.
e3 Rc8 16. Kh2 b5 17. Nc3 d4 18. Nxd4 Nxd4 19. exd4 Bxd4 20. Qf3 b4 21. Qxf5
bxc3 22. Ba1 Qb6 23. Rc2 g6 24. Qf3 Ne4 25. Qf4 f5 26. Bxe4 fxe4 27. Kg2 Qb7
28. Re1 Rc7 29. Kg1 Rf7 30. Qd6 Qa7 31. Ree2 e3 32. f4 Rc8 33. Kh2 Bf6 34. Qe6
Rd8 35. Bxc3 Bxc3 36. Rxc3 Rd4 37. Rc8+ Kg7 38. Qe5+ Kh6 39. Qg5+ Kg7 1/2-1/2

[Event "BL 8586 München 36-Kreuzberg"]
[Site "?"]
[Date "1986.??.??"]
[Round "?.2"]
[White "Smejkal, J."]
[Black "King, D."]
[Result "1-0"]
[WhiteElo "2565"]
[BlackElo "2435"]
[PlyCount "73"]
[EventDate "1986.??.??"]

1. Nf3 Nf6 2. g3 b5 3. Bg2 Bb7 4. O-O e6 5. d3 Be7 6. e4 d6 7. Na3 a6 8. c4
bxc4 9. Nxc4 Nc6 10. Bd2 a5 11. Rc1 O-O 12. a3 d5 13. exd5 Nxd5 14. Ne3 Nb8 15.
d4 Nd7 16. Nc4 c5 17. dxc5 Bxc5 18. Bxa5 Qe7 19. Bd2 Rfd8 20. Na5 Rab8 21. Qe2
Bb6 22. Nxb7 Rxb7 23. Rc2 h6 24. b4 Ra7 25. Bc1 Rc7 26. Rxc7 Nxc7 27. Bb2 Nd5
28. Rc1 Qd6 29. Nd2 Qb8 30. Nc4 Bc7 31. Rd1 N7f6 32. Ne5 Rc8 33. Rc1 Qa7 34.
Nc6 Qa4 35. Qc2 Qa6 36. a4 Ra8 37. Bxf6 1-0

[Event "BL 8586 München 36-Kreuzberg"]
[Site "?"]
[Date "1986.??.??"]
[Round "?.4"]
[White "Bastian, H."]
[Black "Grzesik, F."]
[Result "1-0"]
[WhiteElo "2375"]
[BlackElo "2285"]
[PlyCount "105"]
[EventDate "1986.??.??"]

1. e4 Nf6 2. e5 Nd5 3. d4 d6 4. Nf3 Nc6 5. c4 Nb6 6. e6 fxe6 7. h4 e5 8. d5 Nd4
9. Nxd4 exd4 10. Bg5 Qd7 11. Qxd4 e5 12. Qd3 Qf7 13. Nc3 Bf5 14. Qf3 a6 15. Bd3
Bxd3 16. Qxd3 Be7 17. Ne4 Nd7 18. Be3 O-O 19. O-O-O Qf5 20. f3 Nf6 21. Nxf6+
Rxf6 22. Qxf5 Rxf5 23. Kc2 h5 24. Kd3 a5 25. Ke4 Raf8 26. b3 g6 27. Rh3 Kh7 28.
Rg1 b6 29. g4 hxg4 30. fxg4 Rf1 31. Rhh1 Rxg1 32. Rxg1 Rf7 33. h5 Rf8 34. Rh1
Rf7 35. hxg6+ Kxg6 36. Rh6+ Kg7 37. Re6 Bd8 38. g5 Rf1 39. Re8 Rf8 40. Rxf8
Kxf8 41. Kf5 Kf7 42. Bf2 Be7 43. Bh4 Kf8 44. Ke6 e4 45. Kd7 e3 46. Kxc7 e2 47.
Be1 Bxg5 48. Kxd6 Ke8 49. Kc7 Be3 50. Kc6 Kd8 51. Bh4+ Ke8 52. d6 Bd2 53. d7+
1-0

[Event "BL 8586 München 36-Kreuzberg"]
[Site "?"]
[Date "1986.??.??"]
[Round "?.5"]
[White "Konieczka, F."]
[Black "Zysk, R."]
[Result "1-0"]
[WhiteElo "2240"]
[BlackElo "2340"]
[PlyCount "53"]
[EventDate "1986.??.??"]

1. e4 g6 2. d4 Bg7 3. Nc3 d6 4. Be3 c6 5. g3 Nf6 6. h3 O-O 7. Bg2 Nbd7 8. Nge2
e5 9. a4 exd4 10. Bxd4 Re8 11. O-O Nb6 12. b3 Qe7 13. g4 Nbd7 14. Ng3 c5 15.
Be3 d5 16. exd5 Nxg4 17. Bd2 Bxc3 18. Bxc3 Ne3 19. Qd2 Nxf1 20. Rxf1 Qh4 21.
Re1 Rxe1+ 22. Qxe1 Qd8 23. d6 Nf8 24. Ne4 f5 25. Nf6+ Kf7 26. Qe5 Be6 27. Nd5
1-0

[Event "BL 8586 München 36-Kreuzberg"]
[Site "?"]
[Date "1986.??.??"]
[Round "?.6"]
[White "Kaiser, W."]
[Black "Grzesik, T."]
[Result "0-1"]
[WhiteElo "2355"]
[BlackElo "2335"]
[PlyCount "74"]
[EventDate "1986.??.??"]

1. d4 d5 2. c4 c6 3. Nf3 Nf6 4. Nc3 e6 5. Bg5 h6 6. Bxf6 Qxf6 7. g3 Bb4 8. Bg2
Nd7 9. cxd5 exd5 10. O-O O-O 11. Re1 Qd8 12. Qb3 Qb6 13. a3 Bd6 14. Qc2 Nf6 15.
Rad1 Re8 16. Nh4 a5 17. Rd2 Bd7 18. e4 dxe4 19. Nxe4 Nxe4 20. Rxe4 Be7 21. h3
Bg5 22. Rde2 Rxe4 23. Rxe4 Rd8 24. Qe2 Bxh4 25. Rxh4 Be6 26. Qd2 a4 27. Qc3 Bd5
28. Bxd5 Rxd5 29. Re4 g6 30. Kg2 Qd8 31. Qe3 Kg7 32. h4 Rb5 33. Qe2 Qd5 34. f3
Qa2 35. Kh3 Rxb2 36. Qe3 Rh2+ 37. Kg4 f5+ 0-1

[Event "BL 8586 Bayern-Zehlendorf"]
[Site "?"]
[Date "1986.??.??"]
[Round "?.1"]
[White "Pritchett, C."]
[Black "Ribli, Z."]
[Result "1/2-1/2"]
[WhiteElo "2395"]
[BlackElo "2605"]
[PlyCount "71"]
[EventDate "1986.??.??"]

1. e4 c5 2. Nf3 d6 3. d4 cxd4 4. Nxd4 Nf6 5. Nc3 a6 6. Be2 e6 7. O-O Be7 8. f4
O-O 9. Kh1 Qc7 10. a4 Nc6 11. Be3 Re8 12. Bd3 Nb4 13. a5 Bd7 14. Nb3 Rac8 15.
Qf3 Bc6 16. Qg3 Nh5 17. Qh3 Nf6 18. Qg3 Nd7 19. Nd4 Bf8 20. f5 Ne5 21. f6 g6
22. Qh4 Nbxd3 23. cxd3 h5 24. h3 d5 25. Bf4 dxe4 26. Nxc6 Qxc6 27. Bxe5 exd3
28. Rad1 Red8 29. Rf3 Qc5 30. Qe4 d2 31. Bf4 Qxa5 32. Rxd2 Rxd2 33. Bxd2 Qa1+
34. Qb1 Qxb1+ 35. Nxb1 Rc2 36. Rb3 1/2-1/2